000 003000000a22001450004500
003 MACL
040 _aMACL
090 _c39575
_d39573
100 _aScott, Sir Walter
245 _aKenilworth
260 _bOrient Longmans Ltd
_c1953
350 _a2
650 _aLiterature
942 _cBOOK
_k800/SCO
999 _c39143
_d39143